| 000 | 00387nam a2200145 a 4500 | ||
|---|---|---|---|
| 005 | 20140414093844.0 | ||
| 008 | 090910s19uu xx uuu eng d | ||
| 050 |
_aVCD 791.43 _bBAY 2001 |
||
| 100 | _aDe Leon, Mike | ||
| 245 |
_aBayaning 3rd world / _cMike de Leon. |
||
| 260 |
_aPasig City : _bViva Video Inc, _cc2001. |
||
| 650 | _aMotion picture. | ||
| 942 | _cAVM | ||
| 999 |
_c109492 _d109492 |
||